Manual de seguridad industrial
Պահպանված է:
| Հիմնական հեղինակ: | |
|---|---|
| Ձևաչափ: | Գիրք |
| Լեզու: | իսպաներեն |
| Հրապարակվել է: |
Ciudad de México
McGraw-Hill de México
1980
|
| Խորագրեր: | |
| Ցուցիչներ: |
Ավելացրեք ցուցիչ
Չկան պիտակներ, Եղեք առաջինը, ով նշում է այս գրառումը!
|
MARC
| LEADER | 00000nam a2200000 a 4500 | ||
|---|---|---|---|
| 001 | UCP1130 | ||
| 003 | CL-VaPUC | ||
| 008 | 990326e19800000MX |||||||||||||||||spa|d | ||
| 082 | 0 | 4 | |a 658.28 |b HAN |2 21 |
| 100 | |a Handley, William |e author |9 426963 | ||
| 245 | 1 | 0 | |a Manual de seguridad industrial |
| 300 | |a 515 p | ||
| 942 | |c BK | ||
| 945 | |d 19990326 00:00:00 |a lriquelm | ||
| 260 | |a Ciudad de México |b McGraw-Hill de México |c 1980 | ||
| 650 | 7 | |a SEGURIDAD INDUSTRIAL |2 CL-VaPUC |9 254906 | |
| 650 | 0 | |a Productos químicos |9 326289 | |
| 650 | 0 | |a Incendios |9 359318 | |
| 650 | 0 | |a Electricidad |9 260222 | |
| 650 | 0 | |a Soldadura |9 262933 | |
| 650 | 0 | |a Aire comprimido |9 271758 | |
| 650 | 0 | |a Calderas de vapor |9 260645 | |
| 650 | 7 | |a ERGONOMIA |2 CL-VaPUC |9 357101 | |
| 650 | 7 | |a RUIDOS |2 CL-VaPUC |9 426964 | |
| 583 | |a last modification |c 19990326 00:00:00 |k Rodrigo Vera | ||
| 999 | |c 279842 |d 279840 | ||
| 952 | |0 0 |1 0 |4 0 |6 658_280000000000000_HAN_1980 |7 0 |8 A |9 319665 |a BIBMEC |b BIBMEC |d 2019-11-20 |i 1335758 |o 658.28 HAN 1980 |p 1335758 |r 2024-01-19 |w 2019-11-20 |y BK |k MEC | ||
| 952 | |0 0 |1 1 |4 0 |6 658_280000000000000_HAN_1980 |7 0 |8 A |9 319666 |a BIBARQ |b BIBARQ |d 2019-11-20 |i 2611996 |o 658.28 HAN 1980 |p 2611996 |r 2019-11-20 |w 2019-11-20 |x Retirado en Inventario 2023 |y BK |k ARQ | ||